000 00270nam a2200121Ia 4500
008 190216s9999||||xx |||||||||||||| ||und||
100 _aIvan Turgemev
245 0 _aHindi-Oonja Dharan
260 _bRashtriya Prakashan
300 _a175
650 _aHindi
942 _cBK
999 _c16254
_d16254